000 00409 a2200121 4500
001 ART_3318
005 20260410161714.0
008 260409a
245 1 0 _aSobre el tamaño del desempleo oculto en el mercado de trabajo urbano de la Argentina
100 1 _aBeccaria, Luis A.
700 1 _aOrsatti, Alvaro
773 0 _tDesarrollo económico
_g- Vol. 19, Nº 74 (jul./sep. 1979)
_wREV1174
999 _c16320
_d16320